000 00403nam a2200169Ia 4500
003 STCL
008 181203s9999 xx 000 0 und d
020 _a9788180521157
040 _aSTCL
_bEN
_cSTCL
082 _222
100 _aRastogi, Veer Bala
245 0 _aFundamentals of Biostatistics
260 _bAne Books India
_aNew Delhi
_c2007
300 _a366
546 _aEnglish
942 _2ddc
_cBK
999 _c83388
_d83388